Annual review of phytopathology. (Record no. 217551)
[ view plain ]
| 000 -LEADER | |
|---|---|
| fixed length control field | 01379cas a2200397 a 4500 |
| 001 - CONTROL NUMBER | |
| control field | 000559407 |
| 003 - CONTROL NUMBER IDENTIFIER | |
| control field | AM-YeHGA |
| 005 - DATE AND TIME OF LATEST TRANSACTION | |
| control field | 20250617140314.0 |
| 007 - PHYSICAL DESCRIPTION FIXED FIELD--GENERAL INFORMATION | |
| fixed length control field | cr|mn||||||||| |
| 008 - FIXED-LENGTH DATA ELEMENTS--GENERAL INFORMATION | |
| fixed length control field | 750727s1963 caua||||||||||||||||eng|d |
| 020 ## - INTERNATIONAL STANDARD BOOK NUMBER | |
| International Standard Book Number | 0824313240 (v. 24) |
| 020 ## - INTERNATIONAL STANDARD BOOK NUMBER | |
| International Standard Book Number | 0824313259 (v. 25) |
| 020 ## - INTERNATIONAL STANDARD BOOK NUMBER | |
| International Standard Book Number | 0824313267 (v. 26) |
| 020 ## - INTERNATIONAL STANDARD BOOK NUMBER | |
| International Standard Book Number | 0824313275 (v. 27) |
| 020 ## - INTERNATIONAL STANDARD BOOK NUMBER | |
| International Standard Book Number | 0824313283 (v. 28) |
| 020 ## - INTERNATIONAL STANDARD BOOK NUMBER | |
| International Standard Book Number | 0824313291 (v. 29) |
| 022 ## - INTERNATIONAL STANDARD SERIAL NUMBER | |
| International Standard Serial Number | 0066-4286 |
| 037 ## - SOURCE OF ACQUISITION | |
| Source of stock number/acquisition | Annual Reviews, 4139 El Camino Way, P.O. Box 10139, Palo Alto, CA 94303-0139 |
| 040 ## - CATALOGING SOURCE | |
| Original cataloging agency | AM-YeHGA |
| 041 0# - LANGUAGE CODE | |
| Language code of text/sound track or separate title | eng |
| 090 ## - LOCALLY ASSIGNED LC-TYPE CALL NUMBER (OCLC); LOCAL CALL NUMBER (RLIN) | |
| -- | 219076 |
| 245 00 - TITLE STATEMENT | |
| Title | Annual review of phytopathology. |
| 260 ## - PUBLICATION, DISTRIBUTION, ETC. | |
| Place of publication, distribution, etc. | Palo Alto, Calif. : |
| Name of publisher, distributor, etc. | Annual Reviews, Inc. |
| 300 ## - PHYSICAL DESCRIPTION | |
| Extent | volume |
| 310 ## - CURRENT PUBLICATION FREQUENCY | |
| Current publication frequency | Annual |
| 362 1# - DATES OF PUBLICATION AND/OR SEQUENTIAL DESIGNATION | |
| Dates of publication and/or sequential designation | Print began with vol. 1 (1963). |
| 500 ## - GENERAL NOTE | |
| General note | Eds. vol. 24-29 : R. James Cook ... et al. |
| 505 1# - FORMATTED CONTENTS NOTE | |
| Miscellaneous information | Vol. 24 (1986; vi, 530 p.) ; |
| -- | Vol. 25 (1987; ix, 460 p.) ; |
| -- | Vol. 26 (1988; viii, 493 p.) ; |
| -- | Vol. 27 (1989; vii, 641 p.) ; |
| -- | Vol. 28 (1990; vii, 493 p.) ; |
| -- | Vol. 29 (1991; viii, 516 p.) |
| 520 ## - SUMMARY, ETC. | |
| Summary, etc. | Publishes original critical reviews of the significant literature and current developments in phytopathology. |
| 650 #0 - SUBJECT ADDED ENTRY--TOPICAL TERM | |
| Topical term or geographic name entry element | Plant diseases |
| 650 14 - SUBJECT ADDED ENTRY--TOPICAL TERM | |
| Topical term or geographic name entry element | Plant diseases |
| General subdivision | Research |
| 650 14 - SUBJECT ADDED ENTRY--TOPICAL TERM | |
| Topical term or geographic name entry element | Plant diseases. |
| 653 ## - INDEX TERM--UNCONTROLLED | |
| Uncontrolled term | Biology |
| 700 1# - ADDED ENTRY--PERSONAL NAME | |
| Personal name | Cook, R. James |
| Relationship | edt |
| 942 ## - ADDED ENTRY ELEMENTS (KOHA) | |
| Source of classification or shelving scheme | Universal Decimal Classification |
| Koha item type | Գրքեր / Books |
| Withdrawn status | Lost status | Source of classification or shelving scheme | Damaged status | Not for loan | Collection | Home library | Current library | Date acquired | Serial enumeration / chronology | Total checkouts | Full call number | Barcode | Date last seen | Price effective from | Koha item type | Public note |
|---|---|---|---|---|---|---|---|---|---|---|---|---|---|---|---|---|
| Universal Decimal Classification | Gulbenkian Individual Collection | Fundamental Scientific Library | Fundamental Scientific Library | 28/12/2016 | V. 24 | Gulb/6101 | FL0019680 | 28/12/2016 | 28/12/2016 | Գրքեր / Books | ILL Non-Circ. | |||||
| Universal Decimal Classification | Gulbenkian Individual Collection | Fundamental Scientific Library | Fundamental Scientific Library | 28/12/2016 | V. 25 | Gulb/6144 | FL0019723 | 28/12/2016 | 28/12/2016 | Գրքեր / Books | ILL Non-Circ. | |||||
| Universal Decimal Classification | Gulbenkian Individual Collection | Fundamental Scientific Library | Fundamental Scientific Library | 28/12/2016 | V. 25 | Gulb/7567 | FL0099339 | 28/12/2016 | 28/12/2016 | Գրքեր / Books | ILL Non-Circ. | |||||
| Universal Decimal Classification | Gulbenkian Individual Collection | Fundamental Scientific Library | Fundamental Scientific Library | 28/12/2016 | V. 26 | Gulb/7568 | FL0099340 | 28/12/2016 | 28/12/2016 | Գրքեր / Books | ILL Non-Circ. | |||||
| Universal Decimal Classification | Gulbenkian Individual Collection | Fundamental Scientific Library | Fundamental Scientific Library | 28/12/2016 | V. 27 | Gulb/7569 | FL0099341 | 28/12/2016 | 28/12/2016 | Գրքեր / Books | ILL Non-Circ. | |||||
| Universal Decimal Classification | Gulbenkian Individual Collection | Fundamental Scientific Library | Fundamental Scientific Library | 28/12/2016 | V. 28 | Gulb/7570 | FL0099342 | 28/12/2016 | 28/12/2016 | Գրքեր / Books | ILL Non-Circ. | |||||
| Universal Decimal Classification | Gulbenkian Individual Collection | Fundamental Scientific Library | Fundamental Scientific Library | 28/12/2016 | V. 29 | Gulb/7571 | FL0099343 | 28/12/2016 | 28/12/2016 | Գրքեր / Books | ILL Non-Circ. |
ՀՀ Գիտությունների ազգային ակադեմիայի հիմնարար գիտական գրադարան = Fundamental Scientific Library of NAS RA
All site content, except where otherwise noted, is licensed under a